Rudé Právo. Roč.44, č.181-272, 1964/3
| Format: | Book |
|---|---|
| Language: | Undetermined |
| Published: |
Bratislava
Ústredný výbor KSČ
1964
|
MARC
| LEADER | 00000nam a2200000 a 4500 | ||
|---|---|---|---|
| 001 | vtls001422751 | ||
| 003 | SK-MaSNL | ||
| 005 | 20260223132129.0 | ||
| 008 | 210928s1964 xx 0 und | ||
| 035 | |a SNK000377619 | ||
| 040 | |a SNK |b slo |c SNK |e AACR2 | ||
| 245 | 1 | |a Rudé Právo. Roč.44, č.181-272, 1964/3 | |
| 260 | |a Bratislava |b Ústredný výbor KSČ |c 1964 | ||
| 958 | |a OND | ||
| 999 | |c 554666 |d 556596 | ||
| 952 | |a SNK |b SNK |y PREZ |7 0 |p 17A0319132 |o snkČSA 622/44/1964/3 |0 0 |1 0 |4 0 |d 2001-10-22 |l 0 |r 2005-01-02 00:00:00 |w 2026-02-23 | ||


